|
|
|
|
| LEADER |
00000nab a2200000 a 4500 |
| 001 |
vtls008297733 |
| 003 |
SK-MaSNL |
| 005 |
20260304142203.0 |
| 008 |
250505c2005 xo ||||||o| 000 b|slo |
| 015 |
|
|
|a SNBRB2005/09
|2 snkbucl
|
| 035 |
|
|
|a (sysno)vtls008297733
|
| 035 |
|
|
|a urn:nbn:sk:snk-ab7bfq
|
| 035 |
|
|
|a (uuid)5b693f3d-a678-4a5d-a55e-c152e7c34503
|
| 035 |
|
|
|a (urnnbn)urn:nbn:sk:snk:ar-a07gnx
|
| 038 |
|
|
|a SNKBUCL
|
| 040 |
|
|
|a SNKBUCL
|b slo
|c SNKBUCL
|e AACR2
|
| 041 |
0 |
|
|a slo
|
| 044 |
|
|
|a xo
|c SK
|
| 080 |
|
|
|a 75.071.1
|x (437.6)
|x "16/17"
|x (048)
|2 1997
|
| 080 |
|
|
|a 730.071.1
|x (437.6)
|x "16/17"
|x (048)
|2 1997
|
| 100 |
1 |
|
|a Ragač, Radoslav,
|d 1975-
|4 aut
|9 103568
|
| 245 |
1 |
0 |
|a Balážová, Barbara: Pictorissa Cremniciensis
|c Radoslav Ragač
|
| 648 |
|
7 |
|a 17.-18. stor.
|2 snkbucl
|9 289778
|
| 650 |
0 |
7 |
|a výtvarné umenie
|z Kremnica (Slovensko)
|y 17.-18. stor.
|2 snkbucl
|9 1461428
|
| 650 |
0 |
7 |
|a sochári
|2 snkbucl
|9 3055
|
| 650 |
0 |
7 |
|a maliari
|z Kremnica (Slovensko)
|y 17.-18. stor.
|2 snkbucl
|9 1461429
|
| 651 |
|
7 |
|a Kremnica (Slovensko)
|2 snkbucl
|9 26188
|
| 655 |
|
7 |
|a recenzie
|2 snkbucl
|9 21907
|
| 773 |
0 |
|
|t Genealogicko-heraldický hlas
|g Roč. 15, č. 1 (2005), s. 69-70
|x 1335-0137
|
| 787 |
0 |
8 |
|i Rec.:
|a Balážová, Barbara
|t Pictorissa Cremniciensis
|d Bratislava : Gerlach Print, 2004
|z 808914201X
|
| 850 |
|
|
|a Slovenská národná knižnica
|
| 852 |
|
|
|a Slovenská národná knižnica
|
| 856 |
4 |
1 |
|u http://www.genealogy-heraldry.sk/pdf/GHH2005_1.pdf
|
| 954 |
|
|
|a odborná, vedecká literatúra pôvodná (slovenská)
|2 lita
|
| 958 |
|
|
|a article27
|
| 958 |
|
|
|a RC
|
| 958 |
|
|
|a OND
|
| 958 |
|
|
|a EUIPO
|
| 999 |
|
|
|c 2920621
|d 2922551
|